000 00524nam a2200229Ia 4500
003 OSt
005 20220924142531.0
006 a|||||r|||| 00| 0
007 ta
008 ASM
024 _a302356
037 _cTextual
040 _aARTS
_cARTS
_bASM
041 _2ASM
_aASM
082 _aU8.261.g7.N5, 158K9
100 _aSharma
_9101321
245 0 _aMichm paharar
260 _c1970
650 _aGEOGRAPHY
942 _hU8.261.g7.N5, 158K9
_cTEXL
_2CC
999 _c451077
_d451077